100 Mario Enemies by Picture - Statistics

General Stats
  • This quiz has been taken 161 times
    134 since last reset
  • The average score is 47 of 100
Answer Stats
Picture Answer % Correct
Goomba
98%
Boo
94%
Koopa Troopa
94%
Bullet Bill
92%
Shy Guy
92%
Lakitu
90%
Piranha Plant
90%
Dry Bones
88%
Cheep Cheep
86%
Hammer Bro
86%
Thwomp
86%
Wiggler
86%
Boomerang Bro
85%
Fire Bro
85%
Ice Bro
82%
Spiny
82%
Blooper
81%
Spike
81%
Bob-omb
80%
Fuzzy
79%
Magikoopa
76%
Whomp
76%
Monty Mole
74%
Pokey
73%
Bully
71%
Lava Bubble/Podobo
71%
Buzzy Beetle
69%
Banzai Bill/Bomber Bill
68%
Paratroopa
68%
Chargin’ Chuck
67%
Mechakoopa
65%
Ninji
64%
Muncher
62%
Sledge Bro
59%
Rocky Wrench
55%
Urchin
55%
Coin Coffer
54%
Thwimp
53%
Goombrat
51%
Sumo Bro
51%
Torpedo Ted
49%
Angry Sun
48%
Galoomba
47%
Spike Top
47%
Biddybud
42%
Foo
42%
Peepa
41%
Snifit
41%
Parabeetle
40%
Stingby
40%
Ant Trooper
39%
Rex
38%
Pokio
37%
Bramball
36%
Ty-foo
36%
Tropical Wiggler
35%
Strollin’ Stu
34%
Broozer
33%
Conkdor
32%
Flame Chomp
32%
Uproot
31%
Octoomba
30%
Scuttlebug
30%
Sherm
30%
Deep Cheep
29%
Gushen
29%
Bony Beetle
28%
Hoppycat
28%
Melon Piranha Plant
28%
Missile Meg
27%
Moe-Eye
26%
Crowber
25%
Hoppo
25%
Ptooie
25%
Scaredy Rat
25%
Armad
24%
Blooper Nanny
24%
Chuck-ya
24%
Stone Spike
24%
Bulls-Eye Bill
23%
Huckit Crab
23%
Waddlewing
22%
Brolder
21%
Eep Cheep
21%
Inky Piranha Plant
21%
Tail Goomba
21%
Chincho/Mummy
20%
Shova
20%
Anglefish
18%
Blewbird
18%
Skedaddler
18%
Burrbo
16%
Skipsqueak
16%
Hop-Chop
15%
Outmaway
15%
Blockstepper
13%
Zappa Mechakoopa
12%
Blasta Mechakoopa
11%
Li’l Cinder
9%
Li’l Brr
8%
No matching quizzes found
Score Distribution
Percent of People with Each Score
Percentile by Number Answered
Your Score History
You have not taken this quiz since the last reset